000 00665nam a2200217 i 4500
001 139719
003 ES-MaACL
005 20250801201901.0
007 t|
008 070214s1969 sp r ||||1| spa d
100 1 _aSchillebeekx, Edward.
_9187142
245 1 3 _aEl mundo y la Iglesia /
_cEdward Schillebeekx ; [tradujo Alfonso Ortiz García].
260 _aSalamanca :
_bSígueme,
_c1969.
300 _a453 p. ;
_c19 cm.
490 1 _aVerdad e Imagen ;
_v7
650 0 7 _aTeología
_2embne
_917457
700 1 _aOrtiz García, Alfonso.
_987618
830 0 _aVerdad e Imagen ;
_v7
_9182105
852 _aES-MaACL
_jC-35832
_bR.69385
999 _c139719
_d139719